| 000 | 00925nam a2200241 a 4500 | ||
|---|---|---|---|
| 001 | 74222 | ||
| 003 | BD-RjUL | ||
| 005 | 20211209082521.0 | ||
| 008 | 180408s2011 bg ||||| |||| 000 0 ben d | ||
| 020 |
_a9789842002038 _cTk.450.00 |
||
| 035 | _a(BD-RjUL)74440 | ||
| 040 |
_aBD-RjUL _beng _cBD-RjUL |
||
| 041 | _aben | ||
| 082 |
_223 _a891.4401 _bTRJ 2011 |
||
| 100 | 1 |
_aত্রিবেদী, রামেন্দ্রসুন্দর _9220983 |
|
| 245 | 1 | 0 |
_aজিজ্ঞাসা / _cরামেন্দ্রসুন্দর ত্রিবেদী, |
| 260 |
_aঢাকা : _bঅ্যাডর্ণ পাব , _c২০১১ |
||
| 300 |
_a২৮০ পৃ. ; _c২২ সেমি. |
||
| 650 |
_aবাংলা সাহিত্য _vদর্শণ _9220984 |
||
| 650 |
_aBengali Literature _vPhilosophy _9220985 |
||
| 700 |
_aবাকীবিল্লাহ, মোঃ _9220986 |
||
| 942 |
_2ddc _cBK |
||
| 999 |
_c74222 _d74222 |
||